• 首页
  • 本馆介绍
  • 公告通知
  • 最新文献
  • 馆藏检索
  • 电子资源
  • 读者导购
  • 参考咨询
  • 我的图书馆
  • 登录
  • 详细信息显示
  • 放入我的书架
  • 预约/预借图书
  • 作者相关作品
  • 分类相关作品
  • 丛书相关作品
  • 出版社相关作品

书目信息

  • 表格格式
  • 工作单格式
  • 卡片格式
题名:
新手驾车“小”技巧
    
 
作者: 王建华 , 孙毅 , 王栋 主编 ;李斌 编著
分册:  
出版信息: 北京   金盾出版社  2016.1
页数: 201页
开本: 26cm
丛书名:
单 册:
中图分类: U471.15
科图分类:
主题词: 汽车驾驶--基本知识
电子资源:
ISBN: 978-7-5082-9706-4
000 00949nam0 2200265 450
001 0400009516
005 20171121133649.0
010    @a978-7-5082-9706-4@dCNY36.00
100    @a20151101d2016 em y0chiy50 ea
101 0  @achi
102    @aCN@b110000
105    @aa z 000yy
106    @ar
200 1  @a新手驾车“小”技巧@Axin shou jia che “ xiao ” ji qiao@f王建华,孙毅,王栋主编@g李斌 ... [等]编著
210    @a北京@c金盾出版社@d2016.1
215    @a201页@c图@d26cm
330    @a本书主要从新手驾驶车辆时容易犯的“小错误”,不注重的“小细节”入手,向刚获得驾照的新手介绍应该指导的“小知识”、“小技巧”。主要内容包括:知识篇、技巧篇、人物篇、习惯篇、经验篇。
606 0  @a汽车驾驶@x基本知识
690    @aU471.15@v5
701  0 @a王建华@Awang jian hua@4主编
701  0 @a孙毅@Asun yi@4主编
701  0 @a王栋@Awang dong@4主编
702  0 @a李斌@Ali bin@4编著
801  0 @aCN@b上海新华@c20171121
905    @b1029222-6@dU471.15@e686@f5
    
    新手驾车“小”技巧/王建华,孙毅,王栋主编/李斌 ... [等]编著.-北京:金盾出版社,2016.1
    201页:图;26cm
    
    
    ISBN 978-7-5082-9706-4:CNY36.00
    本书主要从新手驾驶车辆时容易犯的“小错误”,不注重的“小细节”入手,向刚获得驾照的新手介绍应该指导的“小知识”、“小技巧”。主要内容包括:知识篇、技巧篇、人物篇、习惯篇、经验篇。
●
相关链接 在E读中查询图书 在五车中查询图书 在当当中查询图书 在豆瓣中查询图书


正题名:新手驾车"小"技巧     索取号:U471.15/686         预约/预借

序号 登录号 条形码 馆藏地/架位号 状态 备注
1 1029222   210292226   第二样本阅览室/ [索取号:U471.15/686] 在馆    
2 1029223   210292235   第三借阅区/ [索取号:U471.15/686] 在馆    
3 1029224   210292244   第三借阅区/ [索取号:U471.15/686] 在馆    
4 1029225   210292253   第三借阅区/ [索取号:U471.15/686] 在馆    
5 1029226   210292262   密集书库-物理学院/ [索取号:U471.15/686] 在馆    
唐山师范学院图书馆 欢迎您!
大连网信软件有限公司© 版权所有